THE ART OF SEDUCTION (Record no. 216925)
[ view plain ]
| 000 -LEADER | |
|---|---|
| fixed length control field | 00402nam a22001577a 4500 |
| 008 - FIXED-LENGTH DATA ELEMENTS--GENERAL INFORMATION | |
| fixed length control field | 260407b |||||||| |||| 00| 0 eng d |
| 020 ## - INTERNATIONAL STANDARD BOOK NUMBER | |
| International Standard Book Number | 978-1861-977-694 |
| 050 ## - LIBRARY OF CONGRESS CALL NUMBER | |
| Classification number | HQ 31.G74 2003 |
| 100 ## - MAIN ENTRY--PERSONAL NAME | |
| Personal name | ROBERT GREENE |
| 245 ## - TITLE STATEMENT | |
| Title | THE ART OF SEDUCTION |
| 260 ## - PUBLICATION, DISTRIBUTION, ETC. | |
| Place of publication, distribution, etc. | GREAT BRITAIN |
| Name of publisher, distributor, etc. | PROFILE BOOKS |
| Date of publication, distribution, etc. | 2003 |
| 300 ## - PHYSICAL DESCRIPTION | |
| Extent | X,467 |
| 500 ## - GENERAL NOTE | |
| General note | INCLUDES AN INDEX |
| 942 ## - ADDED ENTRY ELEMENTS (KOHA) | |
| Source of classification or shelving scheme | Library of Congress Classification |
| Koha item type | Long Loan Book |
| Withdrawn status | Lost status | Source of classification or shelving scheme | Damaged status | Not for loan | Collection | Home library | Current library | Shelving location | Date acquired | Inventory number | Total checkouts | Full call number | Barcode | Date last seen | Copy number | Price effective from | Koha item type |
|---|---|---|---|---|---|---|---|---|---|---|---|---|---|---|---|---|---|
| Library of Congress Classification | Arts & Social Sciences | Kisii University Library | Kisii University Library | On Display | 04/07/2026 | 110978 | HQ 31.G74 2003 | A000099 | 04/07/2026 | C.7 | 04/07/2026 | Long Loan Book | |||||
| Library of Congress Classification | Arts & Social Sciences | Kisii University Library | Kisii University Library | On Display | 04/07/2026 | 110980 | HQ 31.G74 2003 | A000098 | 04/07/2026 | C.9 | 04/07/2026 | Long Loan Book | |||||
| Library of Congress Classification | Arts & Social Sciences | Kisii University Library | Kisii University Library | On Display | 04/07/2026 | 110977 | HQ 31.G74 2003 | A000100 | 04/07/2026 | C.6 | 04/07/2026 | Long Loan Book |